| 000 | 00757 a2200217 4500 | ||
|---|---|---|---|
| 001 | 25197 | ||
| 005 | 20260407155535.0 | ||
| 008 | 260407a1946 arg spa d | ||
| 003 | AR-UNSa-BCEJYS | ||
| 040 |
_aAR-UNSa-BCEJYS _bspa _cAR-UNSa-BCEJYS |
||
| 080 |
_a519.2 _xProbabilidades y estadística matemática |
||
| 245 | 1 | 0 | _aEstadística |
| 264 | 1 |
_aMadrid : _bS.A.E.T.A. _c1946 |
|
| 300 |
_axviii, 630 p. _c25 cm. |
||
| 505 | _aLibro I : Estadistica General : 1. Nociones Fundamentales - 2. Calculo de probabilidades - 3. Metodologia estadistica - Libro II : Estadistica Analitica. | ||
| 942 | _cBK | ||
| 590 | _aniveau_biblio:m niveau_hierar:0 | ||
| 100 | 1 | _aGarcía Alvarez, M. | |
| 700 | 1 | _aAyuso Orejana, J. | |
| 700 | 1 | _aOrts Aracil, José Maria | |
| 999 |
_c1308 _d1308 |
||